000 00374nam a22001217a 4500
999 _c13585
_d13585
082 _a891.4309
100 _aتعارف و ترتیب احمد سلیم
245 _aجس دھج سے کوئی مقتل کو گیا
260 _aکراچی
_bقائد عوام آرکائیوز
_c٢٠٠٦
300 _a٤٣٩ صفحات
650 _aZulifqar Ali Bhutto, Pakistan
942 _cBK